| 000 | 02119cam a2200361 a 4500 | ||
|---|---|---|---|
| 999 |
_c2261 _d2261 |
||
| 001 | 16508130 | ||
| 003 | GZU | ||
| 005 | 20201028113400.0 | ||
| 008 | 101019s2010 sa b 001 0 eng | ||
| 010 | _a 2010503813 | ||
| 020 | _a9780143026617 | ||
| 020 | _a0143026615 | ||
| 020 | _a9780143528098 | ||
| 040 |
_aDLC _cDLC |
||
| 042 | _apcc | ||
| 043 | _af------ | ||
| 050 | 0 | 0 |
_aHC800 _b.MIL 2010 |
| 100 | 1 |
_aMills, Greg, _d1962- _eauthor |
|
| 245 | 1 | 0 |
_aWhy Africa is poor : _band what Africans can do about it / _cGreg Mills. |
| 260 |
_aJohannesburg, South Africa : _bPenguin Books (South Africa), _c2010. |
||
| 300 |
_axviii, 418 p. ; _c24 cm. |
||
| 504 | _aIncludes bibliographical references (p. 384-411) and index. | ||
| 520 | _a"Economic growth does not demand a secret formula. Good development examples now abound in East Asia and farther afield in others parts of Asia, and in Central America. But why then has Africa failed to realise its potential in half a century of independence? This book shows that African poverty is not because the world has denied the continent the market and financial means to compete: far from it. It has not been because of aid per se. Nor is African poverty solely a consequence of poor infrastructure or trade access, or because the necessary development and technical expertise is unavailable internationally. Why then has the continent lagged behind other developing areas when its people work hard and the continent is blessed with abundant natural resources? Stomping across the continent and the developing world in search of the answer, Greg Mills controversially shows that the main reason why Africa's people are poor is because their leaders have made this choice"--Dust jacket. | ||
| 650 | 0 |
_aEconomic development _zAfrica. |
|
| 650 | 0 |
_aPoverty _zAfrica. |
|
| 650 | 0 |
_aLeadership _zAfrica. |
|
| 650 | 0 |
_aEconomic assistance _zAfrica. |
|
| 650 | 0 |
_aDemocracy _zAfrica. |
|
| 651 | 0 |
_aAfrica _xEconomic policy. |
|
| 906 |
_a7 _bcbc _corigres _d3 _encip _f20 _gy-gencatlg |
||
| 942 |
_2lcc _cBK _h800 _iMIL _kHC |
||